[Event "45th FIDE Chess Olympiad Open"]
[Site "Budapest, Hungary"]
[Date "2024.09.13"]
[Round "3.14"]
[White "Wei, Yi"]
[Black "Demchenko, Anton"]
[Result "1-0"]
[WhiteElo "2762"]
[BlackElo "2597"]
[PlyCount "99"]
[EventDate "2024.??.??"]
[WhiteTeam "China"]
[BlackTeam "Slovenia"]
[WhiteTeamCountry "CHN"]
[BlackTeamCountry "SLO"]
[WhiteClock "0:12:31"]
[BlackClock "0:15:39"]

1. e4 {ChessBase II} e5 2. Nf3 Nc6 3. Bc4 Nf6 4. d3 Bc5 5. a4 ({RR} 5. O-O O-O 6. c3 d5 7. exd5 Nxd5 8. a4 a5 9. h3 Nb6 10. Bb3 Bf5 11. Bc2 Qd7 12. Re1 Rfe8 13. Ng5 Bf8 14. Na3 Rad8 15. Ne4 f6 16. Qf3 Bg6 17. Nb5 Kh8 18. h4 Bf5 19. Qg3 Ne7) 5... d6 6. c3 a6 7. Bg5 ({RR} 7. h3 Ba7 8. Nbd2 h6 9. O-O g5 10. Ne1 g4 11. hxg4 Nxg4 12. g3 h5 13. Ndf3 f6 14. Nh4 Ne7 15. Qb3 c6 16. Bf7+ Kd7 17. Neg2 Kc7 18. Be3 Nxe3 19. Nxe3 Bh3 20. Neg2 Qf8 21. Kh2 Bd7 {Jonkman,H (2314)-Subervi,J (2044) chess.com INT 2024 1-0 (34)}) 7... h6 8. Bh4 Ba7 9. Nbd2 Ne7 $146 ({RR} 9... g5 10. Bg3 O-O 11. Qe2 Kg7 12. h4 g4 13. Nh2 Ne7 ({RR} 13... Bd7 14. Ndf1 b5 15. Bb3 b4 16. Ne3 Rb8 17. Bd1 bxc3 18. bxc3 h5 19. O-O Ne7 20. Qd2 Nh7 21. d4 exd4 22. cxd4 f5 23. exf5 Nxf5 24. Nxf5+ Bxf5 25. Be2 Nf6 26. Qg5+ Bg6 27. Bf4 Ng8 28. Qxd8) 14. h5 Nxh5 15. Nxg4 Nxg3 16. fxg3 Ng8 17. Ne3 Qg5 18. Nef1 Ne7 ({RR} 18... f5) 19. Nf3 Qg6 20. O-O-O f5 21. Bb3 b5 {½-½ (21) Eljanov,P (2702)-Fressinet,L (2651) Brest 2018 EXT 2019 [ChessBase II]}) ({RR} 9... g5 10. Bg3 O-O 11. O-O Nh7 12. b4 h5 13. h3 h4 14. Bh2 g4 15. hxg4 Bxg4 16. Kh1 Qf6 17. Qe1 h3 18. Ng1 hxg2+ 19. Kxg2 Kh8 20. f4 Rg8 21. Kh1 Qg6 22. Qg3 Qh5 23. Ndf3 Rg7 24. Qh4 {Ponomariov,R (2709)-Sychev,K (2453) Tallinn 2016 ½-½ (50)}) ({RR} 9... g5 10. Bg3 Nh7 11. O-O O-O 12. Kh1 Kh8 13. b4 f5 14. exf5 Bxf5 15. b5 Ne7 16. bxa6 bxa6 17. d4 e4 18. Ne1 Bg6 19. Nc2 Nf6 20. Ne3 a5 21. Bb3 Qd7 22. Bc2 Rae8 23. Qe2 Ned5 24. Bb3 {Sethuraman,S (2619)-Yu,Y (2750) Fufeng 2017 0-1 (79)}) 10. Bxf6 gxf6 11. d4 Ng6 12. Nf1 Be6 13. Qb3 Bxc4 14. Qxc4 exd4 15. cxd4 Qd7 16. Ne3 Qc6 17. Rc1 Qxc4 18. Rxc4 c6 19. Kd2 h5 20. Rhc1 Kd7 21. g3 Ne7 22. a5 Rab8 23. R1c2 Ke6 24. Nh4 Rhd8 25. Nhg2 Kd7 26. Ra4 Ng6 27. Nf5 Re8 28. Kd3 b5 29. axb6 Rxb6 30. b4 Reb8 31. Nge3 Rxb4 32. Rxa6 Bb6 33. Nc4 Bc7 34. h4 R4b5 35. Ra7 R8b7 36. Rxb7 Rxb7 37. Ng7 Rb5 38. Ra2 d5 39. exd5 Rxd5 40. Ne3 Rb5 41. Ra8 c5 42. d5 Rb2 43. f4 Rb3+ 44. Ke2 c4 45. Nxh5 Rb2+ 46. Kf3 Rb3 47. Nxf6+ Ke7 48. Ra7 Kd8 49. d6 Rxe3+ 50. Kf2 1-0

[Event "45th FIDE Chess Olympiad Open"]
[Site "Budapest, Hungary"]
[Date "2024.09.13"]
[Round "3.15"]
[White "Subelj, Jan"]
[Black "Bu, Xiangzhi"]
[Result "1/2-1/2"]
[WhiteElo "2498"]
[BlackElo "2693"]
[PlyCount "60"]
[EventDate "2024.??.??"]
[WhiteTeam "Slovenia"]
[BlackTeam "China"]
[WhiteTeamCountry "SLO"]
[BlackTeamCountry "CHN"]
[WhiteClock "0:45:25"]
[BlackClock "0:34:32"]

1. e4 e5 2. Nf3 Nf6 3. Nxe5 d6 4. Nf3 Nxe4 5. d3 Nf6 6. d4 d5 7. h3 h6 8. Bd3 Bd6 9. O-O O-O 10. Nc3 c6 ({RR} 10... a6 11. Ne2 Re8 12. Bf4 Nc6 13. c3 Ne4 14. Bxd6 Qxd6 15. Qc1 Bf5 16. Re1 Bh7 17. Qf4 g5 18. Qxd6 Nxd6 19. Bxh7+ Kxh7 20. Nc1 f6 21. Nd3 Kg6 22. Nd2 b6 23. g4 h5 24. Nf1 hxg4 25. hxg4 {Praggnanandhaa,R (2757)-Le,Q (2731) Biel SUI 2024 ½-½ (37)}) 11. Ne5 ({RR} 11. Re1 Re8 12. Ne5 Nbd7 13. Bf4 Qc7 14. Qe2 b5 15. Bg3 b4 16. Na4 Bb7 17. Qd2 c5 18. Nxd7 Nxd7 19. Bxd6 Qxd6 20. dxc5 Qf6 21. Qxb4 Bc6 22. Nc3 Rxe1+ 23. Rxe1 Ne5 24. Bb5 Re8 25. Kf1 Rb8 {Sjugirov,S (2691)-Garayev,K (2329) chess.com INT 2024 0-1 (32)}) 11... c5 12. Nb5 Be7 $146 ({RR} 12... cxd4 13. Nxd6 Qxd6 14. Bf4 Re8 15. Re1 Qb6 16. Qd2 Bd7 17. Bxh6 gxh6 18. Qxh6 Ne4 19. Qh5 Qf6 20. Bxe4 dxe4 21. Rxe4 Be6 22. Ng4 Qg7 23. Nh6+ Kf8 24. Qc5+ Re7 25. Nf5 Qf6 26. Nxe7 Qxe7 27. Qxd4 {Altorky,A (1940)-Gevorgyan,M (2262) Beirut 2017 1-0 (33)}) 13. dxc5 Bxc5 14. Bf4 a6 15. Nc3 Nc6 16. Nxc6 bxc6 17. Qf3 Bd6 18. Ne2 a5 19. c4 Bxf4 20. Nxf4 a4 21. Rad1 Rb8 22. cxd5 cxd5 23. Bc2 Rxb2 24. Bxa4 Ba6 25. Rfe1 Rxa2 26. Bb3 Ra3 27. Nxd5 Nxd5 28. Qxd5 Qxd5 29. Bxd5 Rd3 30. Rxd3 Bxd3 1/2-1/2

[Event "45th FIDE Chess Olympiad Open"]
[Site "Budapest, Hungary"]
[Date "2024.09.13"]
[Round "3.16"]
[White "Wang, Yue"]
[Black "Sebenik, Matej"]
[Result "1-0"]
[WhiteElo "2637"]
[BlackElo "2515"]
[PlyCount "43"]
[EventDate "2024.??.??"]
[WhiteTeam "China"]
[BlackTeam "Slovenia"]
[WhiteTeamCountry "CHN"]
[BlackTeamCountry "SLO"]
[WhiteClock "0:51:17"]
[BlackClock "0:00:47"]

1. e4 c5 2. Nf3 d6 3. d4 cxd4 4. Nxd4 Nf6 5. Nc3 a6 6. Be3 e5 7. Nf3 Be7 8. Bc4 Be6 9. Bxe6 fxe6 10. Ng5 Qd7 11. Qf3 h6 12. Qh3 Nc6 13. Na4 Bd8 14. O-O-O Qe7 15. Nxe6 Ba5 16. f4 $146 ({RR} 16. Nb6 Rb8 17. Nc4 Bb4 18. a3 b5 19. Nb6 Ba5 20. Nd5 Nxd5 21. exd5 Nd8 22. Qh5+ Kd7 23. f4 b4 24. axb4 Rxb4 25. fxe5 Kc8 26. exd6 Qd7 27. Nc5 Qxd6 28. Qh3+ Kb8 29. Qg3 Qxg3 30. hxg3 Rc4 {Zeynalli,R (2187)-Eynullayev,A (2328) Konya 2022 1-0 (40)}) 16... Kf7 17. f5 Rac8 18. Bb6 Nxe4 19. Bxa5 Nxa5 20. Nb6 Nf6 21. Qg3 g5 22. fxg6+ 1-0

[Event "45th FIDE Chess Olympiad Open"]
[Site "Budapest, Hungary"]
[Date "2024.09.13"]
[Round "3.17"]
[White "Abdusattorov, Nodirbek"]
[Black "Brkic, Ante"]
[Result "1-0"]
[WhiteElo "2766"]
[BlackElo "2642"]
[PlyCount "119"]
[EventDate "2024.??.??"]
[WhiteTeam "Uzbekistan"]
[BlackTeam "Croatia"]
[WhiteTeamCountry "UZB"]
[BlackTeamCountry "CRO"]
[WhiteClock "0:25:02"]
[BlackClock "0:01:44"]

1. d4 {Marin,Mihail} Nf6 2. c4 e6 3. Nf3 d5 4. g3 Bb4+ 5. Bd2 Be7 6. Bg2 O-O 7. O-O Nbd7 8. Qc2 c6 9. Rc1 a5 10. a4 h6 ({RR} 10... Ne4 11. Be1 f5 12. Nbd2 Bd6 13. e3 Ra7 ({RR} 13... b6 14. cxd5 cxd5 15. Qc6 Ba6 16. Nxe4 fxe4 17. Qxd6 exf3 18. Bh3) ({RR} 13... g5 14. Nb3 ({RR} 14. Nxe4 fxe4 15. Nd2 g4 16. Nb3 Bc7) 14... g4 ({RR} 14... b6 15. cxd5 cxd5 16. Nxg5 Qxg5 17. Bxe4 fxe4 18. Qc6) ({RR} 14... f4 15. exf4 gxf4 16. Qe2) ({RR} 14... Bc7 15. Nfd2 Qf6 16. f4 Kh8) 15. Nfd2 Ng5) 14. Qd1 b6 15. cxd5 cxd5 16. Nb1 Ba6 ({RR} 16... Nb8 17. Na3 Na6 18. Nb5 Ra8 19. Nxd6 Qxd6 20. Ne5) 17. Na3 Qa8 ({RR} 17... Bxa3 18. Rxa3 Rc7) ({RR} 17... Qb8 18. Nb5 Bxb5 19. axb5 Rc8 20. Qa4 ({RR} 20. Bf1 Rac7) 20... Rac7 21. Rc6 Qb7 22. Bf1 Nb8 ({RR} 22... Rxc6 23. bxc6 Rxc6 24. Ba6 Qc7 25. Bb5) 23. Rxc7 Qxc7 24. b4 axb4 25. Bxb4 Nd7 26. Ne1) 18. Nb5 Bxb5 19. axb5 Rc8 20. Bf1 ({RR} 20. Rxc8+ Qxc8 21. b4 a4 22. Rxa4 ({RR} 22. Ra3 Qa8 23. Qa1 g5) 22... Rxa4 23. Qxa4 Qc1) 20... Rxc1 ({RR} 20... Rac7 21. Rxc7 Rxc7 22. b4) 21. Rxc1 Rc7 22. Rxc7 Bxc7 23. Qa4 Qb8 ({RR} 23... g5 24. b4 g4 25. Nd2 Nxd2 26. Bxd2 Qd8 27. bxa5 bxa5 28. Bd3) 24. b4 axb4 25. Bxb4 {Carlsen,M (2851)-Eljanov,P (2765) Stavanger 2016 CBM 172 [Marin,Mihail] 1-0 (35)} {RR} g5 ({RR} 25... Bd6 26. Bxd6 Qxd6 ({RR} 26... Nxd6 27. Qc2) 27. Qa8+ Kf7 28. Qc6) 26. Qc2 Bd6 27. Qc6 Ndf6 28. Bxd6 Qxd6 29. Nxg5 Qxc6 30. bxc6 Nxg5 31. c7) ({RR} 10... Re8 11. Be1 Bf8 12. Nbd2 e5 13. dxe5 Nxe5 14. Nxe5 Rxe5 15. cxd5 cxd5 16. Nf3 Re8 17. Nd4 b6 18. e3 Ba6 19. b4 axb4 20. Qb2 Ne4 21. Bxe4 dxe4 22. Bxb4 Bxb4 23. Qxb4 Rc8 24. Nf5 Qf6 25. Nd4 {Abdusattorov,N (2744)-Gukesh,D (2743) Prague CZE 2024 ½-½ (39)}) 11. Bc3 ({RR} 11. Be1 b6 ({RR} 11... Re8 12. Nbd2) 12. cxd5 cxd5 13. Nc3 Bb7 14. Nb5 Rc8 15. Qd1 Rxc1 16. Rxc1 Qb8 17. Bd2 Rc8 18. Bf4 Rxc1 19. Qxc1 Qc8 20. Qxc8+ Bxc8 21. Ne5 Nxe5 22. Bxe5 Ne8 23. e3 Bd7) 11... b6 12. Nbd2 $146 ({RR} 12. Ne5 Bb7 13. Nxd7 Qxd7 14. Nd2 b5 15. axb5 cxb5 16. cxb5 Qxb5 {½-½ (16) Niemann,H (2689)-Sarana,A (2706) Sharjah UAE 2024}) 12... Bb7 13. Rd1 Qc7 14. b3 Rfd8 15. Bb2 Rac8 16. Rac1 c5 17. cxd5 Bxd5 18. e4 Bc6 19. Re1 Bb7 20. Bh3 Nf8 21. d5 exd5 22. Be5 Qc6 23. Bxf6 Bxf6 24. exd5 Rxd5 25. Bxc8 Qxc8 26. Ne4 Qf5 27. Nxf6+ Qxf6 28. Re3 Ne6 29. Rce1 g5 30. Qe4 Kg7 31. h4 Rd7 32. Qg4 Bxf3 33. Rxf3 Rd4 34. Qh5 Qg6 35. Qxg6+ Kxg6 36. h5+ Kg7 37. Kg2 Rb4 38. Rc3 Kf6 39. Ree3 b5 40. Rf3+ Ke7 41. axb5 Rxb5 42. Rce3 Rb6 43. Rf5 Kf8 44. Rd3 Rb7 45. Rd6 Kg7 46. Ra6 Nd4 47. Rxc5 Nxb3 48. Rd5 Rc7 49. Rd8 Nc5 50. Raa8 Ne4 51. Rg8+ Kf6 52. Ra6+ Ke7 53. Rxh6 Rc2 54. Rhh8 Nxf2 55. Kf3 g4+ 56. Ke3 Nd1+ 57. Kf4 Rc4+ 58. Kg5 Rc5+ 59. Kh4 Nf2 60. Rc8 1-0

[Event "45th FIDE Chess Olympiad Open"]
[Site "Budapest, Hungary"]
[Date "2024.09.13"]
[Round "3.18"]
[White "Martinovic, Sasa"]
[Black "Yakubboev, Nodirbek"]
[Result "1/2-1/2"]
[WhiteElo "2563"]
[BlackElo "2666"]
[PlyCount "96"]
[EventDate "2024.??.??"]
[WhiteTeam "Croatia"]
[BlackTeam "Uzbekistan"]
[WhiteTeamCountry "CRO"]
[BlackTeamCountry "UZB"]
[WhiteClock "0:24:53"]
[BlackClock "0:09:19"]

1. d4 Nf6 2. c4 e6 3. Nf3 d5 4. Nc3 Bb4 5. Qa4+ Nc6 6. e3 O-O 7. Bd2 Re8 8. a3 Bf8 9. Be2 h6 10. O-O a6 11. Rad1 dxc4 12. Bxc4 Bd6 $146 ({RR} 12... e5 13. Qb3 Qd7 14. dxe5 Nxe5 15. Nxe5 Rxe5 16. e4 b5 17. Be2 Qe6 18. Qxe6 Rxe6 19. f4 Bb7 20. e5 Bc5+ 21. Kh1 Ne4 22. Nxe4 Bxe4 23. Bc3 g6 24. Rd7 Bb6 25. Bf3 Bxf3 26. Rxf3 Rae8 27. g4 {Materia,M (2269)-Spitzl,V (2346) Chess.com INT 2020 1-0 (49)}) 13. e4 Bd7 14. Qc2 e5 15. dxe5 Nxe5 16. Nxe5 Bxe5 17. h3 b5 18. Ba2 c5 19. Rfe1 c4 20. Bb1 Nh5 21. Be3 Re6 22. Rd5 Qc7 23. Rc5 Rc6 24. Nd5 Qd6 25. Rxc6 Bxc6 26. Rd1 Bxd5 27. Rxd5 Qe6 28. Qd2 Nf6 29. Rd8+ Rxd8 30. Qxd8+ Qe8 31. Qxe8+ Nxe8 32. Bc1 Nd6 33. Kf1 f6 34. Ke2 Bd4 35. Bc2 Kf8 36. f3 Ke7 37. b3 Kd7 38. bxc4 Nxc4 39. a4 Kc6 40. axb5+ axb5 41. Kd3 Kc5 42. Bb3 Bb2 43. Bxb2 Nxb2+ 44. Kc3 Na4+ 45. Kd3 Nb2+ 46. Kc3 Na4+ 47. Kd3 Nb2+ 48. Kc3 Na4+ 1/2-1/2

[Event "45th FIDE Chess Olympiad Open"]
[Site "Budapest, Hungary"]
[Date "2024.09.13"]
[Round "3.19"]
[White "Sindarov, Javokhir"]
[Black "Livaic, Leon"]
[Result "1-0"]
[WhiteElo "2677"]
[BlackElo "2550"]
[PlyCount "79"]
[EventDate "2024.??.??"]
[WhiteTeam "Uzbekistan"]
[BlackTeam "Croatia"]
[WhiteTeamCountry "UZB"]
[BlackTeamCountry "CRO"]
[WhiteClock "0:08:27"]
[BlackClock "0:00:53"]

1. e4 {Erenburg,Sergey} d6 2. d4 Nf6 3. Bd3 e5 4. dxe5 ({RR} 4. c3 d5 ({RR} 4... Nc6) 5. dxe5 Nxe4 6. Nf3 ({RR} 6. Bxe4 dxe4 7. Qa4+ Bd7 8. Qxe4 Bc6 9. Qg4 h5 10. Qh3 Qd7) 6... Nc6 ({RR} 6... Nc5)) ({RR} 4. Nf3) 4... dxe5 5. Nf3 Bd6 ({RR} 5... Nbd7 6. Bg5 c6 7. Nbd2 Qc7 8. Bh4 Bc5 9. Nb3 Be7 10. Qd2 a5 11. a4 O-O) 6. Nbd2 ({RR} 6. h3 h6 7. O-O O-O 8. Be3 Qe7 9. c4 Nbd7 10. Nc3 c6 11. Qc2 Nc5) ({RR} 6. O-O Bg4 7. h3 Bh5 8. b3 Nbd7 9. Bb2 Qe7 10. Nbd2 c6 11. Nc4 Bc7 12. a4 O-O-O 13. Ba3 Qe6 14. Ne3 Kb8 ({RR} 14... Bg6) 15. Nf5) ({RR} 6. O-O O-O 7. a4 Nc6 8. c3 Ne7 9. Nbd2 Ng6 10. Nc4 Re8 11. Bc2 Be6 12. Qe2 Qe7 13. Be3 h6 14. Rad1 b6 15. a5 Ng4 16. Nxd6 cxd6 17. Bc1 bxa5 18. Qa6 Red8 19. Qxa5 Qb7 20. Rfe1 Qb6 {Sindarov,J (2701)-Khismatullin,D (2579) Samarkand UZB 2023 ½-½ (44)}) ({RR} 6. Nc3 Nbd7 7. Bg5 c6 8. O-O O-O 9. Qe2 Nc5 10. Rad1 Ne6 11. Be3 Qe7 12. Bc4 Bc5 13. Nxe5 Bxe3 14. Qxe3 Nc5 15. Nd3 Nfd7 16. Nxc5 Nxc5 17. f3 b5 18. Bb3 a5 19. a4 b4 20. Ne2 Ba6 {Meza Astrada,A (2065)-Mazurkiewicz,M (2224) chess.com INT 2024 1-0 (45)}) 6... Nbd7 7. O-O O-O ({RR} 7... Nc5 8. Nc4 Qe7 9. Qe2 Bg4 10. h3 Bh5 11. b3 Ne6 12. c3 h6 13. Nxd6+ Qxd6 14. Bc4 Ng5 15. Bxg5 hxg5 16. Qe3 g4) 8. Nc4 ({RR} 8. c3 b6 9. Re1 Bb7 10. Bc2 Qe7 11. Nc4 Nc5 12. Bg5 h6 13. Bh4 Qe6 14. Nxd6 cxd6 15. Nd2 Rac8 ({RR} 15... d5) 16. b4 Ncd7 17. Bb3 Qe7 ({RR} 17... d5) 18. Nc4) 8... h6 $146 ({RR} 8... b6 9. b3 Bb7 10. Bb2 ({RR} 10. Re1) 10... Qe7 ({RR} 10... Nxe4 11. Re1 ({RR} 11. Nfxe5 Nxe5 12. Nxe5 Bxe5 13. Bxe5 Qd5) ({RR} 11. Ncxe5 Nxe5 12. Bxe5 Ng5 13. Nxg5 Qxg5 14. Bg3 Qd5) 11... Nec5 12. Nfxe5 Nxe5 13. Bxe5 Bxe5 14. Nxe5 ({RR} 14. Rxe5 Nxd3) 14... Qg5) 11. Re1 Rad8 12. Qc1 ({RR} 12. Qe2 Nh5 13. g3) 12... Nh5 ({RR} 12... Rfe8) 13. g3 Rfe8 ({RR} 13... f5 14. Qg5 Nhf6 ({RR} 14... fxe4 15. Nxd6 Qxd6 16. Bc4+ Kh8 17. Nxe5) 15. Nxd6 cxd6 ({RR} 15... Qxd6 16. Rad1) 16. Nh4) 14. Nxd6 cxd6 15. b4 Rc8 16. Qd1 g6 ({RR} 16... Nhf6 17. c4) 17. a3 Ng7 18. Nd2 Rf8 ({RR} 18... f5 19. c4 Qf7 20. Qe2) 19. Nc4 ({RR} 19. c4) ({RR} 19. f4) 19... Nf6 ({RR} 19... Qe6 20. Qe2 ({RR} 20. Ne3 f5 21. exf5 Nxf5 22. Nxf5 gxf5) 20... f5) 20. f3 ({RR} 20. Qe2 Nxe4 21. Bxe4 d5 22. Bxd5 Bxd5 23. Nxe5) 20... h5 21. h4 ({RR} 21. a4) ({RR} 21. Qd2) 21... Nh7 ({RR} 21... Nfe8) 22. Bf1 Rcd8 23. f4 {Vajda,A (2427)-Iordachescu,V (2550) Bucharest 2003 CBM 094 [Erenburg,Sergey] 0-1 (36)} ({RR} 23. Re2 d5 24. exd5 Rxd5 25. Rxe5) ({RR} 23. Ne3) {RR} 23... exf4 24. Qd4 f6 25. gxf4) 9. Qe1 b6 10. b4 Re8 11. Bb2 Nh5 12. g3 Bb7 13. Qe2 Nhf6 14. Rfd1 Qe7 15. a3 Kh7 16. Nfd2 g6 17. Nxd6 cxd6 18. Ba6 Bxa6 19. Qxa6 Rac8 20. Qd3 Qe6 21. Nf1 Qc4 22. Qxc4 Rxc4 23. Ne3 Rc6 24. b5 Rc7 25. f3 Re6 26. a4 Nc5 27. a5 Ne8 28. axb6 axb6 29. Ra8 Nd7 30. c4 f5 31. Nd5 Rb7 32. Rda1 Nef6 33. R1a7 Rxa7 34. Rxa7 Kg8 35. Ba3 fxe4 36. fxe4 Nc5 37. Nxb6 Ncxe4 38. Nc8 Ng4 39. b6 Rf6 40. Ne7+ 1-0

[Event "45th FIDE Chess Olympiad Open"]
[Site "Budapest, Hungary"]
[Date "2024.09.13"]
[Round "3.20"]
[White "Kozul, Zdenko"]
[Black "Vokhidov, Shamsiddin"]
[Result "0-1"]
[WhiteElo "2515"]
[BlackElo "2650"]
[PlyCount "136"]
[EventDate "2024.??.??"]
[WhiteTeam "Croatia"]
[BlackTeam "Uzbekistan"]
[WhiteTeamCountry "CRO"]
[BlackTeamCountry "UZB"]
[WhiteClock "0:00:34"]
[BlackClock "0:06:03"]

1. d4 Nf6 2. Nf3 e6 3. c4 d5 4. Nc3 Be7 5. e3 O-O 6. a3 b6 7. cxd5 exd5 8. Be2 c5 9. O-O ({RR} 9. b3 Nc6 10. O-O cxd4 11. Nxd4 Nxd4 12. Qxd4 Bc5 13. Qd3 a5 14. Rd1 Qe7 15. Bb2 Rd8 16. Bf3 Ba6 17. Qf5 Qe6 18. g4 g6 19. Qxe6 fxe6 20. g5 Ne8 21. Na4 Be7 22. Bg4 Kf7 23. Rac1 Bxg5 {Fedoseev,V (2685)-Van Foreest,J (2691) Linares 2022 ½-½ (38)}) 9... Bb7 10. b3 ({RR} 10. Ne5 Nbd7 11. f4 a6 12. Bf3 cxd4 13. exd4 b5 14. Qd3 Nb6 15. g4 Nc4 16. g5 Nxe5 17. dxe5 Bc5+ 18. Kg2 Ne4 19. b4 Ba7 20. Ne2 Rc8 21. Bb2 Rc4 22. Ng3 Qc7 23. Rae1 Rc8 24. Re2 Nc3 {Kurajica,B (2418)-Villavicencio Martinez,A (2192) San Cristobal de La Laguna ESP 2024 0-1 (41)}) 10... Na6 $146 ({RR} 10... Nbd7 11. Bb2 Rc8 12. Rc1 Re8 13. Rc2 Bd6 14. Rd2 Bb8 15. Qa1 Qe7 16. Rfd1 a6 17. Bf1 h6 18. Qb1 Qe6 19. Ba1 Qe7 20. g3 Qe6 21. Bg2 Rcd8 22. b4 c4 23. b5 Bd6 24. a4 a5 25. Re2 {Sirnik,B (2170)-Kragelj,I (2310) Nova Gorica 1998 1-0 (41)}) ({RR} 10... Ne4 11. Bb2 Nxc3 12. Bxc3 Nd7 13. Bb2 Nf6 14. Ne5 Rc8 15. Rc1 Ne4 16. Rc2 Bd6 17. f3 Ng5 18. Qd2 Qe7 19. Re1 Ne6 20. Ra1 Rfd8 21. Ng4 h5 22. Nf2 Qh4 23. h3 Qg3 24. Rac1 Bb8 25. Qd3 {De Francesco,K (2295)-Voss,H (2065) Passau 1998 1-0 (40)}) ({RR} 10... Nbd7 11. Bb2 Re8 12. Rc1 a6 13. h3 Bd6 14. Bd3 Rc8 15. Re1 Bb8 16. Na4 Qe7 17. Qe2 c4 18. Bc2 b5 19. Nc3 Qd6 20. b4 Ne4 21. Red1 Re6 22. Ne5 Nxe5 23. dxe5 Qxe5 24. Nxe4 Qh2+ {0-1 (24) Brzozowski,M (1573)-Jedynak,R (2351) Zgierz 2017}) 11. Bb2 Nc7 12. Qc2 Ne6 13. Rad1 Rc8 14. Qb1 Bd6 15. dxc5 bxc5 16. b4 c4 17. Nb5 Bb8 18. Qa1 Ne4 19. Be5 a6 20. Nc3 Bxe5 21. Nxe5 Nxc3 22. Qxc3 Qf6 23. Bg4 Rfe8 24. Rc1 Qg5 25. f4 Qe7 26. Nf3 Rcd8 27. Rfe1 Nc7 28. Nd4 Nb5 29. Qa1 Nd6 30. Bf3 Qd7 31. Rcd1 Re7 32. Rd2 Rde8 33. Nc2 Qf5 34. Red1 h6 35. Qc1 Qg6 36. Bxd5 c3 37. Rd3 Bxd5 38. Rxd5 Ne4 39. Rd8 Nd2 40. R1xd2 cxd2 41. Qxd2 Kh7 42. Rxe8 Rxe8 43. Qc3 Qe4 44. Kf2 Re6 45. Nd4 Rg6 46. g3 Qh1 47. Nf3 Qd1 48. Qc4 Rd6 49. Nd4 Qh1 50. Qxf7 Qxh2+ 51. Kf3 Rg6 52. Ne2 Qh3 53. e4 Rd6 54. Ke3 Rd1 55. Qb3 Re1 56. Kd2 Qf1 57. Qc4 Ra1 58. Qxa6 Qf2 59. Qc4 Qe1+ 60. Ke3 Rxa3+ 61. Kd4 Qd2+ 62. Ke5 Ra8 63. Nd4 Re8+ 64. Ne6 Qb2+ 65. Kd5 Rb8 66. Qd4 Qb3+ 67. Kd6 Qxg3 68. Qd5 Rxb4 0-1

[Event "45th FIDE Chess Olympiad Open"]
[Site "Budapest, Hungary"]
[Date "2024.09.13"]
[Round "3.21"]
[White "Lodici, Lorenzo"]
[Black "Giri, Anish"]
[Result "1-0"]
[WhiteElo "2556"]
[BlackElo "2724"]
[PlyCount "61"]
[EventDate "2024.??.??"]
[WhiteTeam "Italy"]
[BlackTeam "Netherlands"]
[WhiteTeamCountry "ITA"]
[BlackTeamCountry "NED"]
[WhiteClock "0:32:18"]
[BlackClock "0:23:34"]

1. d4 Nf6 2. c4 e6 3. Nc3 Bb4 4. e3 b6 5. Bd3 Bb7 6. Nge2 Bxg2 7. Rg1 Bf3 8. Rg3 Bxc3+ 9. bxc3 Be4 10. Qc2 Bxd3 11. Qxd3 Nh5 $146 ({RR} 11... g6 12. e4 d6 13. Bg5 h6 14. Rh3 Rh7 15. Bxh6 Nh5 16. Bd2 Nc6 17. f4 Qd7 18. f5 O-O-O 19. fxg6 fxg6 20. Rb1 Rf8 21. Rf3 Rhf7 22. Rxf7 Qxf7 23. Kd1 Qf2 24. Qh3 Kb7 25. Be3 Rf3 26. Bxf2 {Mortazavi,A (2371)-Ward,C (2485) Caleta 2005 0-1}) 12. Rh3 g6 13. e4 d6 14. Ng3 Nxg3 15. Qxg3 f6 16. Bh6 Rg8 17. e5 Nd7 18. O-O-O Qe7 19. exf6 Nxf6 20. Bg5 Ne4 21. Bxe7 Nxg3 22. fxg3 Kxe7 23. Rxh7+ Kd8 24. Rf1 Kc8 25. Rff7 Kb7 26. Rxc7+ Ka6 27. Rhe7 Rgf8 28. Kb2 d5 29. Rxe6 dxc4 30. Rxc4 Rf2+ 31. Kb3 1-0

[Event "45th FIDE Chess Olympiad Open"]
[Site "Budapest, Hungary"]
[Date "2024.09.13"]
[Round "3.22"]
[White "Van Foreest, Jorden"]
[Black "Moroni, Luca Jr"]
[Result "1-0"]
[WhiteElo "2696"]
[BlackElo "2558"]
[PlyCount "57"]
[EventDate "2024.??.??"]
[WhiteTeam "Netherlands"]
[BlackTeam "Italy"]
[WhiteTeamCountry "NED"]
[BlackTeamCountry "ITA"]
[WhiteClock "0:53:46"]
[BlackClock "0:26:25"]

1. e4 c6 2. d4 d5 3. e5 Bf5 4. Nf3 e6 5. Be2 Nd7 6. O-O a5 7. Ne1 ({RR} 7. Nbd2 a4 8. Re1 a3 9. c4 Bb4 10. Qb3 Qa5 11. Rd1 Ne7 12. bxa3 Bc3 13. Bb2 Bxb2 14. Qxb2 Qxa3 15. Qb4 b6 16. Qxb6 Bd3 17. Qb7 Bc2 18. Re1 Ra7 19. Nb1 Rxb7 20. Nxa3 Be4 21. cxd5 exd5 {Seemann,J (2439)-Van Foreest,J (2680) Ciutadella de Menorca ESP 2023 0-1 (45)}) 7... Ne7 ({RR} 7... a4 8. c3 Qb6 9. Bd3 Bg6 10. Nd2 Ne7 11. Ndf3 c5 12. Rb1 Bh5 13. Be3 Nc6 14. a3 Be7 15. h3 Qc7 16. Be2 Bg6 17. Bd3 Bh5 18. Be2 Bg6 19. Bd3 b5 20. g3 cxd4 21. cxd4 Nb6 22. Bxg6 {Dominguez Perez,L (2745)-Rapport,R (2748) Saint Louis USA 2023 1-0 (35)}) ({RR} 7... a4 8. c3 h6 9. Nd2 Ne7 10. Ndf3 g5 11. h3 Bg7 12. Bd3 Qb6 13. Rb1 Qc7 14. Nc2 c5 15. Bxf5 Nxf5 16. Ne3 Nxe3 17. Bxe3 c4 18. Nh2 a3 19. b3 cxb3 20. Rxb3 b6 21. f4 gxf4 22. Bxf4 {Dominguez Perez,L (2752)-Niedbala,B (2392) chess.com INT 2024 1-0}) 8. c3 $146 ({RR} 8. a4 c5 9. c3 Nc6 10. Na3 Be7 11. Nb5 O-O 12. Be3 cxd4 13. cxd4 Qb6 14. Bd3 Bg6 15. Bxg6 fxg6 16. Rc1 Rf5 17. Nd3 Raf8 18. Kh1 g5 19. Qe2 Kh8 20. Rc2 Rc8 21. Rfc1 Qd8 22. Bd2 Rb8 {Niedbala,B (2393)-Sowinski,P (2361) Karpacz POL 2023 1-0 (34)}) 8... a4 9. Na3 Bg6 10. Nd3 Nf5 11. Nc2 Be7 12. Nf4 b5 13. g3 Qb6 14. h4 h6 15. Nxg6 fxg6 16. h5 g5 17. Ne3 O-O-O 18. Bg4 Rdf8 19. Qd3 g6 20. b3 a3 21. Bd2 Kb8 22. Rac1 Rhg8 23. hxg6 Ng7 24. c4 h5 25. cxd5 hxg4 26. dxc6 Rh8 27. Qe4 Nf5 28. Nxf5 exf5 29. Qd5 1-0

[Event "45th FIDE Chess Olympiad Open"]
[Site "Budapest, Hungary"]
[Date "2024.09.13"]
[Round "3.23"]
[White "Sonis, Francesco"]
[Black "Warmerdam, Max"]
[Result "1-0"]
[WhiteElo "2554"]
[BlackElo "2679"]
[PlyCount "65"]
[EventDate "2024.??.??"]
[WhiteTeam "Italy"]
[BlackTeam "Netherlands"]
[WhiteTeamCountry "ITA"]
[BlackTeamCountry "NED"]
[WhiteClock "0:02:30"]
[BlackClock "0:02:17"]

1. c4 Nf6 2. Nc3 g6 3. g3 Bg7 4. Bg2 O-O 5. d4 d6 6. Nf3 Nbd7 7. O-O e5 8. e4 Re8 9. h3 b6 10. Qc2 exd4 11. Nxd4 Bb7 12. Rd1 ({RR} 12. Be3 Nc5 13. f3 d5 14. cxd5 Nxd5 15. Nxd5 Bxd5 16. Rfd1 Qe7 17. b4 Na6 18. b5 Nc5 19. Bf2 Bb7 20. Rac1 Rad8 21. Nb3 Rxd1+ 22. Rxd1 Nxb3 23. Qxb3 Rd8 24. a4 h5 25. h4 c5 26. bxc6 Bxc6 {Rustemov,A (2525)-Cabarkapa,N (2444) chess.com INT 2024 0-1 (62)}) 12... Nc5 13. f3 Qe7 ({RR} 13... Nh5 14. Nde2 a5 15. g4 Nf6 16. Bg5 h6 17. Be3 Ne6 18. Qd2 Kh7 19. Re1 h5 20. Rad1 Qe7 21. Ng3 h4 22. Nge2 Nd7 23. b3 Nec5 24. Bd4 Bxd4+ 25. Nxd4 Nf6 26. Qf2 Kg7 27. Qxh4 Rh8 28. Qf2 {Sonis,F (2501)-Golubev,M (2461) Chess.com INT 2021 ½-½ (62)}) 14. Nb3 $146 ({RR} 14. Rb1 Nh5 15. g4 Bxd4+ 16. Rxd4 Qe5 17. Rd5 Bxd5 18. Nxd5 c6 19. Nb4 Nf4 20. Nxc6 Qf6 21. Bxf4 Qxf4 22. Nb4 Ne6 23. Nd5 Qe5 24. Qd2 g5 25. Rd1 Rac8 26. b3 Nf4 27. Ne3 b5 28. Kh1 bxc4 {Trost,E (2442)-Khandelwal,A (2309) Nottingham ENG 2023 0-1 (41)}) 14... c6 15. Nxc5 bxc5 16. Be3 d5 17. Na4 Nd7 18. cxd5 cxd5 19. Bxc5 Rac8 20. Bxe7 Rxc2 21. Bg5 Bc6 22. Nc3 d4 23. Nd5 Bxd5 24. exd5 Ree2 25. Bf1 Rh2 26. Rd3 Ne5 27. d6 f6 28. Bf4 g5 29. Bxe5 fxe5 30. d7 Bf6 31. Re1 Rxb2 32. Rxe5 Rhc2 33. Re6 1-0